| 000 | 00432nam a2200169Ia 4500 | ||
|---|---|---|---|
| 008 | 230524s9999 xx 000 0 und d | ||
| 082 |
_a4 _bELD |
||
| 100 |
_aDavid Elderbrock _92693 |
||
| 245 | 0 | _aBuilding Successful Internet Businesses | |
| 250 | _a1ST | ||
| 260 |
_aNEW DELHI _bPustak Mahal _c1996 |
||
| 300 | _aXIX;330 | ||
| 500 | _aQuantity Number: 1 | ||
| 650 | _aComp-Sc | ||
| 700 |
_a Nitin Borwankar _92694 |
||
| 942 | _cBK | ||
| 999 |
_c4576 _d4576 |
||